| 000 | 01014na a2200277 4500 | ||
|---|---|---|---|
| 001 | 23808 | ||
| 003 | MIRAKIL | ||
| 005 | 20181213155318.0 | ||
| 008 | 171227b tu 000 0 | ||
| 040 |
_aMilas _btur _cTR-AnCHP |
||
| 041 | _atur | ||
| 082 |
_a328.0609561 _bT96 2002 |
||
| 090 | _a328.0609561 T96 2002 | ||
| 110 | _aTürk Parlamenterler Birliği | ||
| 245 |
_aTürk Parlamenterler Birliği ve Yüksek Danışma Kurulu çalışma raporu _b2000-2002 çalışma dönemi _cTürk Parlamenterler Birliği |
||
| 246 | _a2000-2002 çalışma dönemi | ||
| 260 |
_aAnkara _bTürk Parlamenterler Birliği _c2002 |
||
| 300 |
_a207 s. _bfotğ. , tbl. _c23 sm. |
||
| 610 |
_aYüksek Danışma Kurulu _xÇalışma raporları _y2000-2002 |
||
| 610 |
_aTürk Parlamenterler Birliği _xÇalışma raporları _y2000-2002 |
||
| 650 |
_aYasama süreci _xÖrgütler |
||
| 710 | _aYüksek Danışma Kurulu | ||
| 710 | _aTürk Parlamenterler Birliği | ||
| 740 | _a2000-2002 çalışma dönemi | ||
| 942 |
_2ddc _cBKS |
||
| 999 |
_c10374 _d10374 |
||